| 000 | 00762nas a2200241 4500 | ||
|---|---|---|---|
| 001 | BR0700084 | ||
| 003 | BR-BrBNA | ||
| 005 | 20231205110449.0 | ||
| 007 | ta | ||
| 008 | 230509b bl.|||p| |||| 00| 00por d | ||
| 040 |
_aBR-BrBNA _bpor _cBiblioteca Nacional de Agricultura |
||
| 041 | _a(Pt) | ||
| 072 | _aF70 | ||
| 100 | 1 | _aMunhoz, C.B.R. | |
| 100 | 1 | _aFelfili, J.M. | |
| 245 | 1 | _aFitossociologia do estrato herbáceo-subarbustivo de uma área de campo sujo no Distrito Federal, Brasil | |
| 650 | _aPLANTA HERBÁCEA | ||
| 650 | _aARBUSTO | ||
| 650 | _aDISTRITO FEDERAL | ||
| 773 | 0 |
_tActa Botanica Brasilica (Brazil) _xISSN 0102-3306 _g(Jul-Sep 2006), v. 20(3) p. 671-685 _wBR0700084 |
|
| 909 |
_a202311 _bLúcia _c55 _dLúcia Elande |
||
| 942 |
_2AGRIS _n0 _cANA |
||
| 999 |
_c187501 _d187501 |
||